[Event "Torneo de Navidad Base y Senior - Casino Primitivo"]
[Site "Calle Maestra 3 (Palacio de Cultura) - Jaén, Spain"]
[Date "2024.12.14"]
[Round "1.1"]
[White "Bernabeu Lopez, Carlos Javier"]
[Black "Cobo de Guzman Romero, Carlos"]
[Result "1-0"]
[WhiteElo "2418"]
[BlackElo "1341"]
[PlyCount "101"]
[GameId "2123151835518006"]
[EventDate "2024.??.??"]

{[%evp 0,69,22,0,22,50,30,16,43,31,54,39,68,63,71,76,83,66,64,55,108,94,123,137,124,39,49,49,49,33,143,148,182,207,275,333,270,270,286,217,312,113,335,175,273,331,383,296,317,299,302,284,331,374,355,207,356,300,300,239,351,420,374,282,292,308,436,387,425,439,524,465]} 1. e4 e5 2. Nf3 Nc6 3. Bb5 d6 4. c3 Bg4 5. h3 Bxf3 6. Qxf3 Nf6 7. O-O Be7 8. d3 O-O 9. Re1 d5 10. exd5 Nxd5 11. Bxc6 bxc6 12. Nd2 Bd6 13. Nc4 Re8 14. Be3 Rb8 15. Bxa7 Rb7 16. Be3 Nxe3 17. Rxe3 Qd7 18. b4 Rb5 19. a4 Rd5 20. a5 f6 21. a6 Ra8 22. Qg4 Qe7 23. Nxd6 Rxd6 24. Qc4+ Kh8 25. a7 Qe8 26. d4 e4 27. d5 f5 28. dxc6 Rxc6 29. Qd5 g6 30. Qd4+ Kg8 31. Re2 Rd6 32. Qc4+ Kh8 33. Qxc7 Rd7 34. Qc5 Qe7 35. Qxe7 Rxe7 36. Rea2 f4 37. b5 e3 38. fxe3 fxe3 39. b6 e2 40. Re1 Rb7 41. Rb2 Kg7 42. c4 Kf6 43. c5 Ke7 44. c6 Rxb6 45. Rxb6 Kd8 46. Rb8+ Rxb8 47. axb8=Q+ Ke7 48. Rxe2+ Kf6 49. Qf8+ Kg5 50. Re5+ Kh4 51. Qf4# 1-0

[Event "Torneo de Navidad Base y Senior - Casino Primitivo"]
[Site "Calle Maestra 3 (Palacio de Cultura) - Jaén, Spain"]
[Date "2024.12.14"]
[Round "1.2"]
[White "Rusillo Ramirez, Jose Maria"]
[Black "Gamundi Salamanca, Antonio"]
[Result "0-1"]
[WhiteElo "1227"]
[BlackElo "2416"]
[PlyCount "82"]
[GameId "2123151889347654"]
[EventDate "2024.??.??"]

{[%evp 0,71,12,6,13,-28,12,33,18,0,0,-11,-1,-6,0,-5,-7,4,5,6,6,23,6,0,-1,-6,-3,-35,-18,4,0,-88,-78,-36,-55,1,-45,-62,0,-112,-104,-417,-409,-436,-441,-453,-380,-473,-414,-472,-412,-497,-506,-531,-531,-363,-535,-703,-485,-670,-693,-685,-710,-721,-571,-765,-661,-406,-700,-715,-505,-739,-465,-767]} 1. e4 c5 2. Nf3 d6 3. Bb5+ Nd7 4. Bxd7+ Bxd7 5. O-O Nf6 6. Re1 e6 7. e5 dxe5 8. Nxe5 Rc8 9. Qf3 Bc6 10. Nxc6 Rxc6 11. Nc3 Be7 12. d3 O-O 13. Qg3 Re8 14. Bh6 g6 15. Bf4 Nh5 16. Qg4 Nxf4 17. Qxf4 Bf6 18. Rad1 Bg7 19. Qg3 Qb6 20. b3 Bxc3 21. Re2 Qc7 22. Qg4 Bg7 23. c4 Rd6 24. Red2 Red8 25. Qg3 Qd7 26. h3 Bc3 27. Rc2 Ba5 28. a4 Rxd3 29. Rxd3 Qxd3 30. Qxd3 Rxd3 31. Rb2 Bc3 32. Ra2 Rd2 33. Rxd2 Bxd2 34. a5 Bxa5 35. f3 Kg7 36. g4 Kf6 37. h4 Ke5 38. g5 Kf4 39. Kf2 Bd2 40. Kg2 Be1 41. Kh3 Kxf3 0-1

[Event "Torneo de Navidad Base y Senior - Casino Primitivo"]
[Site "Calle Maestra 3 (Palacio de Cultura) - Jaén, Spain"]
[Date "2024.12.14"]
[Round "1.3"]
[White "Alvarez Fernandez, Carlos Rene"]
[Black "Blanco Lopez, Daniel"]
[Result "1-0"]
[WhiteElo "2304"]
[BlackElo "1154"]
[PlyCount "63"]
[GameId "2123151934379094"]
[EventDate "2024.??.??"]

{[%evp 0,63,29,-5,5,19,29,70,68,52,59,78,360,312,416,422,418,430,461,446,449,462,482,456,549,466,464,477,475,460,462,464,567,558,631,633,630,655,664,682,691,694,680,654,792,609,930,988,1006,897,1003,950,1222,1153,1190,1207,1843,1911,2542,1852,1855,1958,29997,29998,29999,29999]} 1. d4 d5 2. c4 e5 3. dxe5 Nc6 4. cxd5 Nxe5 5. Nc3 Bb4 6. Qa4+ Bd7 7. Qxb4 Ne7 8. e4 b6 9. Qd4 f6 10. f4 c5 11. Qd1 Bg4 12. Qa4+ Bd7 13. Qc2 Nf7 14. Nf3 O-O 15. Be2 f5 16. e5 b5 17. e6 Be8 18. exf7+ Rxf7 19. O-O b4 20. Nd1 Nxd5 21. Bc4 Bc6 22. Ne5 Rc7 23. Nxc6 Rxc6 24. Ne3 Rd6 25. Nxd5 Rxd5 26. Qxf5 Kh8 27. Bxd5 Qb6 28. Bxa8 c4+ 29. Kh1 Qb8 30. Be4 g6 31. Qf6+ Kg8 32. Bd5# 1-0

[Event "Torneo de Navidad Base y Senior - Casino Primitivo"]
[Site "Calle Maestra 3 (Palacio de Cultura) - Jaén, Spain"]
[Date "2024.12.14"]
[Round "2.1"]
[White "Saez Iniguez, Luis Miguel"]
[Black "Bernabeu Lopez, Carlos Javier"]
[Result "0-1"]
[WhiteElo "1727"]
[BlackElo "2418"]
[PlyCount "102"]
[GameId "2123152435463335"]
[EventDate "2024.??.??"]

{[%evp 0,69,20,19,17,7,20,25,6,18,4,2,11,11,37,52,32,69,67,34,26,20,38,42,28,9,9,6,0,26,-30,97,15,11,54,5,73,69,68,111,85,97,66,103,19,73,87,61,117,33,28,-41,-6,1,109,-2,-1,-78,-65,-65,-68,-66,-63,172,-72,-70,-37,-51,-55,-313,-190,-303]} 1. d4 Nf6 2. Bf4 g6 3. Nc3 d5 4. Nb5 Na6 5. Nc3 Bg7 6. e3 O-O 7. Nf3 c5 8. Bxa6 bxa6 9. O-O cxd4 10. exd4 Qb6 11. Rb1 Bf5 12. Be5 Rfd8 13. Re1 Rac8 14. Na4 Qc6 15. Nc5 a5 16. h3 Re8 17. g4 Bd7 18. c3 Rcd8 19. g5 Ne4 20. Bxg7 Nxc5 21. dxc5 Kxg7 22. Qd4+ f6 23. h4 Bf5 24. Rbd1 Be4 25. gxf6+ exf6 26. Ng5 Qc7 27. Rd2 Qf4 28. Re3 Qxh4 29. Nxe4 dxe4 30. Qxd8 Rxd8 31. Rxd8 Qg5+ 32. Kf1 h5 33. Rd7+ Kh6 34. Rxa7 Qxc5 35. Ra8 f5 36. Rd8 a4 37. Rd4 h4 38. Kg2 g5 39. Rxa4 g4 40. b4 h3+ 41. Kg1 Qd6 42. c4 Qd1+ 43. Kh2 Qxa4 44. c5 Qxb4 45. c6 Qd6+ 46. Kg1 Qxc6 47. Kh2 Qd6+ 48. Kg1 Qd1+ 49. Kh2 Qf1 50. Kg3 Kg5 51. f4+ Qxf4# 0-1

[Event "Torneo de Navidad Base y Senior - Casino Primitivo"]
[Site "Calle Maestra 3 (Palacio de Cultura) - Jaén, Spain"]
[Date "2024.12.14"]
[Round "2.2"]
[White "Gamundi Salamanca, Antonio"]
[Black "Barruz Ramirez, Antonio Angel"]
[Result "1-0"]
[WhiteElo "2416"]
[BlackElo "1699"]
[PlyCount "98"]
[GameId "2123152509846720"]
[EventDate "2024.??.??"]

{[%evp 0,62,19,0,20,57,20,27,27,27,44,32,-27,23,20,24,34,87,28,21,-7,38,61,75,32,22,-13,24,22,63,49,9,38,37,35,31,55,54,-21,25,317,382,338,353,331,346,322,330,362,279,324,331,326,306,320,358,378,301,351,335,158,345,365,293,315]} 1. e4 c5 2. Nf3 Nc6 3. Bb5 e6 4. O-O Nf6 5. Re1 Be7 6. c3 O-O 7. d4 cxd4 8. cxd4 d5 9. e5 Ne4 10. Bd3 Ng5 11. Nxg5 Bxg5 12. f4 Be7 13. Be3 Qb6 14. Nc3 Nb4 15. Bf1 Bd7 16. a3 Na6 17. b4 Rac8 18. Na4 Bxa4 19. Qxa4 Qc6 20. Qxc6 Rxc6 21. b5 Rc3 22. bxa6 bxa6 23. a4 a5 24. Bd2 Rb3 25. Bxa5 Bb4 26. Bxb4 Rxb4 27. Red1 Rfb8 28. Rd2 a5 29. Bb5 Rc8 30. Kf2 Rc3 31. Rad1 g6 32. Ke2 Kg7 33. Ra1 h5 34. Raa2 Rbb3 35. Rd3 Rxd3 36. Bxd3 Rb4 37. Ke3 Kh6 38. g3 g5 39. fxg5+ Kxg5 40. Rf2 Rb7 41. Bb5 Rc7 42. Kd3 Kg6 43. Rf6+ Kg7 44. Kd2 Rc8 45. Be2 Rh8 46. h4 Rh7 47. Ke3 Rh8 48. Kf4 Rc8 49. Bxh5 Rc4 1-0

[Event "Torneo de Navidad Base y Senior - Casino Primitivo"]
[Site "Calle Maestra 3 (Palacio de Cultura) - Jaén, Spain"]
[Date "2024.12.14"]
[Round "2.3"]
[White "Rusillo Ramirez, Bernabe"]
[Black "Alvarez Fernandez, Carlos Rene"]
[Result "0-1"]
[WhiteElo "1695"]
[BlackElo "2304"]
[PlyCount "60"]
[GameId "2123153714394320"]
[EventDate "2024.??.??"]

{[%evp 0,60,21,36,31,3,-18,-4,4,23,3,-1,-5,-2,5,5,4,0,9,-57,-33,-60,-65,-57,-49,-87,-67,-102,-94,-110,-110,-49,-93,-67,-104,-83,-57,-149,-156,-73,-144,-141,-135,-127,-124,-81,-115,-183,-134,-34,-129,-228,-330,-264,-268,-265,-263,-371,-368,-264,-253,-268,-282]} 1. e4 e6 2. d3 d5 3. Nd2 c5 4. Ngf3 Nc6 5. g3 Bd6 6. Bg2 Nge7 7. O-O O-O 8. Re1 f6 9. Nf1 d4 10. h4 e5 11. N1h2 Be6 12. Bd2 b5 13. Qc1 c4 14. Bf1 Rc8 15. c3 cxd3 16. Bxd3 dxc3 17. Bxc3 Nb4 18. Qd2 Nxd3 19. Qxd3 b4 20. Bd2 Bc4 21. Qb1 Qb6 22. Be3 Qa6 23. Nd2 Be2 24. a3 b3 25. Rxe2 Qxe2 26. Qd1 Qxd1+ 27. Rxd1 Bc5 28. Bxc5 Rxc5 29. Nxb3 Rb5 30. Rd3 Rfb8 0-1

[Event "Torneo de Navidad Base y Senior - Casino Primitivo"]
[Site "Calle Maestra 3 (Palacio de Cultura) - Jaén, Spain"]
[Date "2024.12.14"]
[Round "2.4"]
[White "Castillo Gallego, Sergio"]
[Black "Lopez Rebelles, Damian"]
[Result "1-0"]
[WhiteElo "2159"]
[BlackElo "1685"]
[PlyCount "67"]
[GameId "2123153759560928"]
[EventDate "2024.??.??"]

{[%evp 0,56,16,25,24,18,17,23,27,38,39,47,45,35,56,57,75,14,23,19,12,-16,-1,-28,-22,-16,-10,0,21,18,59,34,72,84,76,89,133,213,237,100,388,340,753,125,79,145,407,341,432,305,553,392,204,380,560,749,708,768,550]} 1. e4 c5 2. Nf3 g6 3. c3 Bg7 4. d4 cxd4 5. cxd4 d5 6. e5 a6 7. Nc3 Bg4 8. h3 Bxf3 9. Qxf3 e6 10. h4 h5 11. Bg5 Qb6 12. O-O-O Nc6 13. Kb1 Qa7 14. Qf4 b5 15. Rh3 Qb6 16. Rf3 Ra7 17. g3 Qa5 18. Rc1 Rc7 19. Nd1 Nb4 20. a3 Nc6 21. Rfc3 Qb6 22. Ne3 a5 23. Rc5 b4 24. a4 b3 25. Rb5 Qa7 26. Rbc5 Qb6 27. Bb5 Nge7 28. Bxe7 Kxe7 29. Rxc6 Rxc6 30. Rxc6 Qb7 31. Qg5+ f6 32. Qxg6 Kf8 33. Rxe6 Qc8 34. Re8+ 1-0

[Event "Torneo de Navidad Base y Senior - Casino Primitivo"]
[Site "Calle Maestra 3 (Palacio de Cultura) - Jaén, Spain"]
[Date "2024.12.14"]
[Round "2.5"]
[White "Collado Moral, Adrian"]
[Black "Cobo Montejo, Miguel Angel"]
[Result "1-0"]
[WhiteElo "1670"]
[BlackElo "2085"]
[PlyCount "65"]
[GameId "2123136739401838"]
[EventDate "2024.??.??"]

1. d4 Nf6 2. Nf3 e6 3. e3 d5 4. Bd3 c5 5. b3 Nc6 6. Bb2 Nb4 7. Bb5+ Bd7 8. Be2 Qc7 9. a3 Nc6 10. Ne5 Bd6 11. f4 Ne4 12. Bd3 O-O 13. O-O f6 14. Nxd7 Qxd7 15. Nd2 Nxd2 16. Qxd2 Rae8 17. c4 cxd4 18. exd4 dxc4 19. Bxc4 Kh8 20. Rad1 Rd8 21. d5 Bc5+ 22. Kh1 Ne7 23. b4 Bb6 24. d6 Nf5 25. Rfe1 Rfe8 26. Qe2 Ne3 27. Bb5 Qf7 28. Bxe8 Qxe8 29. Rd3 Qg6 30. Rxe3 Bxe3 31. Qxe3 Rxd6 32. Qxa7 h5 33. Qb8+ 1-0

[Event "Torneo de Navidad Base y Senior - Casino Primitivo"]
[Site "Calle Maestra 3 (Palacio de Cultura) - Jaén, Spain"]
[Date "2024.12.14"]
[Round "2.6"]
[White "Ordonez Torres, Maria del Carmen"]
[Black "Lirio Palomino, Javier"]
[Result "1-0"]
[WhiteElo "2046"]
[BlackElo "1670"]
[PlyCount "54"]
[GameId "2123153816331516"]
[EventDate "2024.??.??"]

{[%evp 0,54,23,-58,-10,-88,-103,-108,-112,-619,-643,-634,-629,-809,-775,-876,-876,-1035,-995,-1105,-1150,-1230,-1097,-1419,-1379,-1685,-1550,-1755,-1728,-1788,-1883,-1877,-1837,-1797,-1815,-1819,-1880,-1974,-1974,-1969,-1975,-1952,-1989,-2037,-2063,-3009,-29968,-29991,-29969,-29991,-29992,-29995,-29996,-29997,-29998,-29999,-29999]} 1. g4 d5 2. c3 Bxg4 3. d3 Nf6 4. e3 Bxd1 5. Kxd1 e5 6. e4 dxe4 7. Bd2 Ng4 8. dxe4 Nxf2+ 9. Kc1 Nxh1 10. Bb5+ c6 11. Ba4 Bc5 12. c4 Bxg1 13. Nc3 Nf2 14. b3 Nd3+ 15. Kb1 Bd4 16. b4 Nxb4 17. h3 Bxc3 18. Bxc3 Qd3+ 19. Kb2 Qxc4 20. h4 O-O 21. Bxb4 Qxb4+ 22. Kc2 Qxa4+ 23. Kb2 Na6 24. Rd1 Qxd1 25. a3 Rad8 26. h5 Rd2+ 27. Kc3 Qc2# 1-0

[Event "Torneo de Navidad Base y Senior - Casino Primitivo"]
[Site "Calle Maestra 3 (Palacio de Cultura) - Jaén, Spain"]
[Date "2024.12.14"]
[Round "2.7"]
[White "Gamez Bauzan, Cesar Santiago"]
[Black "Barruz Serrano, Antonio Angel"]
[Result "0-1"]
[WhiteElo "1668"]
[BlackElo "1938"]
[PlyCount "49"]
[GameId "2123153860797708"]
[EventDate "2024.??.??"]

{[%evp 0,49,14,22,30,23,26,21,15,10,13,-9,-5,-13,-16,-28,-9,-16,21,1,22,16,20,8,86,37,77,66,96,80,352,297,693,701,29995,672,650,696,1156,700,740,662,769,804,1534,763,921,904,1429,1453,29997,29998]} 1. e4 e5 2. Nf3 Nc6 3. Bc4 Bc5 4. d3 Nf6 5. Bg5 h6 6. Bh4 d6 7. O-O Bg4 8. c3 O-O 9. h3 Bh5 10. Nbd2 g5 11. Bg3 g4 12. hxg4 Bxg4 13. b4 Bb6 14. Bh4 Qc8 15. Bxf6 Bxf3 16. Qxf3 Qd7 17. Qh5 Kh7 18. a4 Ne7 19. a5 Ng8 20. Bh4 c6 21. axb6 axb6 22. d4 d5 23. Bd3 Ne7 24. Rxa8 Rxa8 25. Qxf7+ 0-1

[Event "Torneo de Navidad Base y Senior - Casino Primitivo"]
[Site "Calle Maestra 3 (Palacio de Cultura) - Jaén, Spain"]
[Date "2024.12.14"]
[Round "3.1"]
[White "Bernabeu Lopez, Carlos Javier"]
[Black "Prieto Melendrez, Gustavo"]
[Result "1-0"]
[WhiteElo "2418"]
[BlackElo "1823"]
[PlyCount "95"]
[GameId "2123153901647132"]
[EventDate "2024.??.??"]

{[%evp 0,89,19,25,-4,3,2,3,-3,-3,-6,5,-10,12,68,86,77,56,81,77,116,107,108,109,108,92,73,95,115,132,132,87,133,122,135,132,127,29,153,152,102,168,192,192,141,217,112,152,-32,150,162,173,172,182,192,119,204,191,206,199,84,195,181,187,122,176,13,191,1,236,244,51,217,140,213,264,240,268,109,281,351,148,238,196,193,248,240,105,354,283,159,242]} 1. c4 e5 2. Nc3 Nf6 3. Nf3 Nc6 4. e4 Bc5 5. Nxe5 Nxe5 6. d4 Bxd4 7. Qxd4 d6 8. Bg5 h6 9. Bh4 Ng6 10. Bxf6 Qxf6 11. Qxf6 gxf6 12. Nd5 Kd8 13. Nxf6 Be6 14. g3 Ne5 15. Nd5 Nf3+ 16. Ke2 Ne5 17. Kd2 Nf3+ 18. Ke3 Ne5 19. f4 Ng4+ 20. Kf3 c6 21. Ne3 Nxe3 22. Kxe3 f5 23. exf5 Bxf5 24. Bd3 Re8+ 25. Kd2 Bxd3 26. Kxd3 Kd7 27. Rae1 Re6 28. Rxe6 Kxe6 29. Re1+ Kf6 30. Kd4 h5 31. Re3 Rg8 32. Rb3 b6 33. Ra3 h4 34. Ke4 hxg3 35. hxg3 Rg7 36. Kf3 d5 37. cxd5 cxd5 38. Rc3 Rd7 39. g4 b5 40. a3 a5 41. Rc5 d4 42. Ke2 d3+ 43. Kd2 b4 44. Rxa5 bxa3 45. bxa3 Rd4 46. a4 Kg6 47. Rg5+ Kf6 48. a5 1-0

[Event "Torneo de Navidad Base y Senior - Casino Primitivo"]
[Site "Calle Maestra 3 (Palacio de Cultura) - Jaén, Spain"]
[Date "2024.12.14"]
[Round "3.2"]
[White "Sanchez Escabias, Manuel"]
[Black "Gamundi Salamanca, Antonio"]
[Result "0-1"]
[WhiteElo "1794"]
[BlackElo "2416"]
[PlyCount "60"]
[GameId "2123153955988780"]
[EventDate "2024.??.??"]

{[%evp 0,60,20,25,17,7,7,6,-10,10,11,-5,10,8,11,-5,0,5,142,101,72,13,49,-1,-6,8,0,-24,-3,-20,-147,-21,-40,14,13,21,-21,-23,-18,16,-62,132,-68,-11,-57,-74,69,-38,106,45,168,10,-40,-167,-37,-198,-80,-82,-239,-258,-244,-323,-277]} 1. d4 Nf6 2. Bg5 e6 3. Nf3 h6 4. Bxf6 Qxf6 5. c4 g6 6. e3 Bg7 7. Bd3 d6 8. O-O O-O 9. Nc3 Nd7 10. Qc2 e5 11. Rac1 c6 12. b4 Qe7 13. a3 f5 14. dxe5 Nxe5 15. Nxe5 Bxe5 16. Ne2 Be6 17. Rfd1 Bf7 18. c5 dxc5 19. Qxc5 Qxc5 20. Rxc5 Bf6 21. Bc4 Rfd8 22. Bxf7+ Kxf7 23. Rcc1 Rxd1+ 24. Rxd1 Rd8 25. Rxd8 Bxd8 26. Nc3 Bf6 27. Nb1 Ke6 28. Kf1 Kd5 29. Ke2 Kc4 30. Kd2 Kb3 0-1

[Event "Torneo de Navidad Base y Senior - Casino Primitivo"]
[Site "Calle Maestra 3 (Palacio de Cultura) - Jaén, Spain"]
[Date "2024.12.14"]
[Round "3.3"]
[White "Alvarez Fernandez, Carlos Rene"]
[Black "Gea Jodar, Jesus"]
[Result "1-0"]
[WhiteElo "2304"]
[BlackElo "1776"]
[PlyCount "67"]
[GameId "2123154003641660"]
[EventDate "2024.??.??"]

{[%evp 0,55,27,25,18,18,43,16,16,27,23,19,21,-1,12,-6,18,0,26,19,15,13,36,35,151,233,233,238,244,245,257,220,215,196,212,195,213,233,253,236,254,213,175,178,318,275,107,254,346,325,352,431,397,442,482,543,775,672]} 1. d4 d5 2. c4 Bf5 3. Nc3 e6 4. Nf3 c6 5. h3 Nf6 6. Bg5 Be7 7. e3 Nbd7 8. Bd3 Ne4 9. Bxe7 Qxe7 10. Bxe4 dxe4 11. Nd2 Qg5 12. g4 Bg6 13. h4 Qe7 14. h5 O-O-O 15. hxg6 hxg6 16. Rf1 f5 17. Qa4 Kb8 18. O-O-O Nf6 19. gxf5 gxf5 20. c5 Rh2 21. f3 exf3 22. Nxf3 Rg2 23. Ne5 Qe8 24. Rg1 Rxg1 25. Rxg1 Qh8 26. Qb3 Rc8 27. Qxe6 Qh2 28. Rxg7 Ne4 29. Nd7+ Ka8 30. Nb6+ axb6 31. Qxc8+ Qb8 32. Qxb8+ Kxb8 33. Nxe4 fxe4 34. cxb6 1-0

[Event "Torneo de Navidad Base y Senior - Casino Primitivo"]
[Site "Calle Maestra 3 (Palacio de Cultura) - Jaén, Spain"]
[Date "2024.12.14"]
[Round "3.4"]
[White "Montano Alvarez, Antonio Jose"]
[Black "Castillo Gallego, Sergio"]
[Result "0-1"]
[WhiteElo "1782"]
[BlackElo "2159"]
[PlyCount "55"]
[GameId "2123154060449100"]
[EventDate "2024.??.??"]

{[%evp 0,49,30,28,28,36,22,4,17,-19,-13,-42,-39,9,-17,-4,-66,-25,-41,-16,-19,-51,-105,-80,-83,-73,-73,-73,-79,-58,-67,-67,-61,-109,12,28,-7,-31,-186,-60,19,46,6,20,17,82,-15,-12,-101,-14,-16,-667]} 1. e4 e5 2. Nf3 Nc6 3. d4 exd4 4. Bc4 Nf6 5. O-O Nxe4 6. Re1 d5 7. Bxd5 Qxd5 8. Nc3 Qa5 9. Nxe4 Be6 10. Bg5 h6 11. Bh4 Bb4 12. c3 dxc3 13. bxc3 Be7 14. Bxe7 Nxe7 15. Nd4 O-O-O 16. Qc2 Bc4 17. Nd2 Be6 18. Nxe6 fxe6 19. Rxe6 Nc6 20. Nb3 Qd5 21. Rae1 Rd6 22. Rxd6 Qxd6 23. h3 Rd8 24. Qf5+ Kb8 25. Re2 Qd1+ 26. Re1 Qd6 27. Qe4 b6 28. Re2 0-1

[Event "Torneo de Navidad Base y Senior - Casino Primitivo"]
[Site "Calle Maestra 3 (Palacio de Cultura) - Jaén, Spain"]
[Date "2024.12.14"]
[Round "3.5"]
[White "Espinola Gomez, Alvaro"]
[Black "Ordonez Torres, Maria del Carmen"]
[Result "0-1"]
[WhiteElo "1758"]
[BlackElo "2046"]
[PlyCount "104"]
[GameId "2123139169829009"]
[EventDate "2024.??.??"]

1. e4 e5 2. Nf3 Nc6 3. Bc4 Bc5 4. c3 Nf6 5. d3 d6 6. Nbd2 a6 7. Bb3 Ba7 8. O-O h6 9. Qe2 O-O 10. h3 Re8 11. Re1 d5 12. exd5 Nxd5 13. Bc2 Nf4 14. Qf1 Bf5 15. Ne4 Qd7 16. Bxf4 exf4 17. Rad1 Rad8 18. Nfd2 Re6 19. d4 Rg6 20. Kh2 Ne7 21. Nc4 f6 22. Nc5 Qc8 23. Rxe7 Bxc2 24. Rde1 Bxc5 25. dxc5 Qf5 26. Re8+ Rxe8 27. Rxe8+ Kh7 28. Nd2 Ba4 29. Re1 Qxc5 30. Ne4 Qf5 31. Qd3 f3 32. Qxf3 Qe5+ 33. Kg1 Bc6 34. Qe3 Qd5 35. f3 f5 36. Nf2 Qxf3 37. Qxf3 Bxf3 38. g4 fxg4 39. hxg4 Bxg4 40. Re7 Bh3+ 41. Kh1 Bg2+ 42. Kg1 Bd5+ 43. Kf1 c5 44. b3 h5 45. Nd3 Rg5 46. Kf2 Bc6 47. Ke3 h4 48. Nf4 Rg3+ 49. Ke2 h3 50. Re5 g6 51. Kd2 h2 52. Re7+ Kh6 0-1

[Event "Torneo de Navidad Base y Senior - Casino Primitivo"]
[Site "Calle Maestra 3 (Palacio de Cultura) - Jaén, Spain"]
[Date "2024.12.14"]
[Round "3.6"]
[White "Barruz Serrano, Antonio Angel"]
[Black "Collado Moral, Adrian"]
[Result "1/2-1/2"]
[WhiteElo "1938"]
[BlackElo "1670"]
[PlyCount "135"]
[GameId "2123154145437039"]
[EventDate "2024.??.??"]

{[%evp 0,57,22,27,30,56,23,16,16,1,23,21,27,29,31,35,-5,49,59,30,-5,22,29,-2,-11,-11,-1,-54,55,3,36,-9,5,-34,-29,-40,37,-21,-7,-13,-10,-30,-16,66,-21,-27,146,-62,4,20,-6,-74,68,-105,-20,-93,-125,-334,-264,-268]} 1. e4 c5 2. Nf3 d6 3. Bb5+ Bd7 4. a4 g6 5. O-O Bg7 6. Re1 Nf6 7. c3 O-O 8. d4 Bg4 9. h3 Bxf3 10. Qxf3 a6 11. Bd3 cxd4 12. cxd4 Qb6 13. Qe3 Nfd7 14. d5 Bd4 15. Qe2 Ne5 16. Ra3 Nbd7 17. a5 Qc7 18. Nc3 Nxd3 19. Qxd3 Bc5 20. Ra4 Ne5 21. Qe2 b5 22. axb6 Qxb6 23. Kf1 f5 24. Bh6 Rf7 25. Kg1 f4 26. b4 Bd4 27. Nd1 f3 28. gxf3 Nxf3+ 29. Kg2 Nxe1+ 30. Qxe1 Qb5 31. Ra3 Rc8 32. Qd2 Qb6 33. Rd3 Be5 34. Be3 Qb5 35. Bd4 Bxd4 36. Rxd4 Rc4 37. Ne3 Rxd4 38. Qxd4 Qe2 39. Ng4 Qf3+ 40. Kh2 Qf4+ 41. Kg2 h5 42. Nh2 Qg5+ 43. Kf1 Qc1+ 44. Kg2 Qg5+ 45. Kf1 Qh4 46. Kg2 Qf6 47. Qd2 g5 48. Qe2 Qg6 49. f3 Kh7 50. Qxa6 Qf6 51. Qe2 Qd4 52. b5 Rf8 53. Kg3 Qg1+ 54. Qg2 Qxg2+ 55. Kxg2 Rb8 56. Kg3 Rxb5 57. h4 Kg6 58. hxg5 Kxg5 59. f4+ Kg6 60. Nf3 Rb4 61. f5+ Kf6 62. Kf4 Rb1 63. Kg3 Rb4 64. Kf4 Rb1 65. Kg3 Rh1 66. Kg2 Rc1 67. Kg3 Rc3 68. Kf4 1/2-1/2

[Event "Torneo de Navidad Base y Senior - Casino Primitivo"]
[Site "Calle Maestra 3 (Palacio de Cultura) - Jaén, Spain"]
[Date "2024.12.14"]
[Round "3.7"]
[White "Cabecerans Cabecerans, Enrique"]
[Black "Blanca Almagro, Miguel Angel"]
[Result "0-1"]
[WhiteElo "1756"]
[BlackElo "1896"]
[PlyCount "78"]
[GameId "2123154185221503"]
[EventDate "2024.??.??"]

{[%evp 0,70,21,23,19,23,11,-3,44,24,35,16,25,27,40,51,54,53,53,43,43,34,54,-62,-47,-136,-94,-135,-139,-62,-167,-142,-94,-121,-119,-158,-11,46,5,-43,-43,-88,-138,-85,-82,-184,-113,-92,-226,-184,-282,-181,-155,-149,-150,-145,65,-109,-180,-175,-174,-195,-120,-199,-112,-294,-239,-272,-107,-124,-68,-181,-165]} 1. e4 c5 2. d4 cxd4 3. c3 d3 4. c4 g6 5. Nc3 Bg7 6. Bxd3 Nc6 7. Nge2 Nf6 8. O-O O-O 9. f4 d6 10. a3 a5 11. Be3 Ng4 12. Bd2 Qb6+ 13. Kh1 Nf2+ 14. Rxf2 Qxf2 15. Qc2 Nd4 16. Nxd4 Qxd4 17. Rb1 Bd7 18. Nd5 Qa7 19. Be3 Bd4 20. Bxd4 Qxd4 21. Nxe7+ Kh8 22. f5 Rfe8 23. Nd5 Bc6 24. Rd1 Bxd5 25. exd5 Qe5 26. h3 a4 27. fxg6 hxg6 28. Rf1 Kg7 29. Qf2 Rf8 30. Bb1 Rae8 31. Ba2 f5 32. Qb6 Rf7 33. c5 Kh6 34. c6 Ree7 35. Qf2 Kg7 36. Qb6 f4 37. Rf2 Qe3 38. Qxe3 fxe3 39. Rxf7+ Kxf7 0-1

[Event "Torneo de Navidad Base y Senior - Casino Primitivo"]
[Site "Calle Maestra 3 (Palacio de Cultura) - Jaén, Spain"]
[Date "2024.12.14"]
[Round "4.1"]
[White "Ordonez Torres, Maria del Carmen"]
[Black "Bernabeu Lopez, Carlos Javier"]
[Result "0-1"]
[WhiteElo "2046"]
[BlackElo "2418"]
[PlyCount "88"]
[GameId "2123154230617487"]
[EventDate "2024.??.??"]

{[%evp 0,68,21,31,22,16,18,22,12,8,6,1,8,10,9,-7,5,2,6,4,30,11,-5,1,0,4,4,14,9,16,17,11,13,7,24,-7,-40,15,-22,160,25,-38,-22,-35,1,-1,-11,18,-8,-15,9,-4,-11,-90,-60,-180,-76,-153,-125,-172,-157,-63,-5,0,3,1,46,-125,-19,-11,0]} 1. e4 e5 2. Nf3 Nc6 3. Bc4 Nf6 4. d3 Bc5 5. Nbd2 a6 6. h3 Ba7 7. Bb3 d6 8. c3 h6 9. Nf1 Nh5 10. d4 Qf6 11. Ne3 Nf4 12. Nd5 Nxd5 13. exd5 Ne7 14. dxe5 dxe5 15. Qe2 Ng6 16. O-O O-O 17. Bc2 Bf5 18. Be3 Bxc2 19. Qxc2 Rfe8 20. Qb3 b5 21. a4 e4 22. Nd4 bxa4 23. Rxa4 Bb6 24. Qc4 Ne5 25. Qe2 a5 26. Kh1 Nd3 27. Ra2 Nf4 28. Qg4 Nxd5 29. Rfa1 Nxe3 30. fxe3 Qg6 31. Qxg6 fxg6 32. b4 c5 33. bxc5 Bxc5 34. Rxa5 Rxa5 35. Rxa5 Bf8 36. Ra6 Kh7 37. Rc6 Ba3 38. Kg1 Rf8 39. Rc7 Bc1 40. Ne6 Bxe3+ 41. Kh2 Rg8 42. c4 g5 43. c5 Kg6 44. c6 Kf6 0-1